• 首页
  • 本馆介绍
  • 公告通知
  • 最新文献
  • 馆藏检索
  • 电子资源
  • 读者导购
  • 参考咨询
  • 我的图书馆
  • 登录
  • 详细信息显示
  • 放入我的书架
  • 预约/预借图书
  • 作者相关作品
  • 分类相关作品
  • 丛书相关作品
  • 出版社相关作品

书目信息

  • 表格格式
  • 工作单格式
  • 卡片格式
题名:
电子技术知识要点与习题解析
    
 
作者: 齐怀琴 , 丁龙 , 李建军 主编
分册:  
出版信息: 哈尔滨   哈尔滨工程大学出版社  2005
页数: 167页
开本: 23cm
丛书名: 高等学校优秀教材辅导丛书
单 册:
中图分类: TN , TN701
科图分类:
主题词: 电子技术--高等学校--教学参考资料 , 电子电路
电子资源:
ISBN: 7-81073-714-7
000 01368oam2 2200301 450
001 07079000418
005 20070721155951.31
010    @a7-81073-714-7@dCNY15.00
100    @a20051123e20062005ekmy0chiy0110 ea
101 0  @achi
102    @aCN@b230000
105    @af zq 000yy
200 1  @a电子技术知识要点与习题解析@Adian zi ji shu zhi shi yao dian yu xi ti jie xi@f李建军, 齐怀琴, 丁龙主编
210    @a哈尔滨@c哈尔滨工程大学出版社@d2005@h2006
215    @a167页@c图@d23cm
225 2  @a高等学校优秀教材辅导丛书
300    @a配罗守信(电工学II)第三版教材·高教版
330    @a本书是为浙江大学罗守信主编的《电工学Ⅱ 电子技术》(第三版)编写的配套教学指导书。 编者在长期电工学教学的基础上,对该教材各章内容进行了概括和总结;对教材各章习题逐一作了较详尽解答;结合各章的重点和难点,选择典型的,与教材互补的同步训练题进行分析解答,并加以补充。旨在帮助读者更好地理解和掌握教材内容。 本书可以作为高等学校机械设计制造及其自动化、化工机械与设备、工艺类等非电类专业“电工学”课程的教学参考书,也可作为工程技术人员的参考用书。
461  0 @12001 @a高等学校优秀教材辅导丛书
606 0  @a电子技术@x高等学校@j教学参考资料
606 0  @a电子电路
690    @aTN@v4
690    @aTN701@v3
701  0 @a齐怀琴@Aqi huai qin@4主编
701  0 @a丁龙@Ading long@4主编
701  0 @a李建军@Ali jian jun@4主编
801  0 @aCN@bTAOJIN@c20070721
905    @a10447@dTN701@e233
    
    电子技术知识要点与习题解析/李建军, 齐怀琴, 丁龙主编.-哈尔滨:哈尔滨工程大学出版社,2005(2006)
    167页:图;23cm.-(高等学校优秀教材辅导丛书)
    配罗守信(电工学II)第三版教材·高教版
    
    ISBN 7-81073-714-7:CNY15.00
    本书是为浙江大学罗守信主编的《电工学Ⅱ 电子技术》(第三版)编写的配套教学指导书。 编者在长期电工学教学的基础上,对该教材各章内容进行了概括和总结;对教材各章习题逐一作了较详尽解答;结合各章的重点和难点,选择典型的,与教材互补的同步训练题进行分析解答,并加以补充。旨在帮助读者更好地理解和掌握教材内容。 本书可以作为高等学校机械设计制造及其自动化、化工机械与设备、工艺类等非电类专业“电工学”课程的教学参考书,也可作为工程技术人员的参考用书。
●
相关链接 在E读中查询图书 在五车中查询图书 在当当中查询图书 在豆瓣中查询图书


正题名:电子技术知识要点与习题解析     索取号:TN701/233         预约/预借

序号 登录号 条形码 馆藏地/架位号 状态 备注
1 0822337   208223377   第二样本阅览室/ [索取号:TN701/233] 在馆    
2 0822338   208223386   第三借阅区/ [索取号:TN701/233] 在馆    
3 0822339   208223395   第三借阅区/ [索取号:TN701/233] 在馆    
4 0822340   208223402   第三借阅区/ [索取号:TN701/233] 在馆    
5 0822341   208223411   第三借阅区/ [索取号:TN701/233] 在馆    
唐山师范学院图书馆 欢迎您!
大连网信软件有限公司© 版权所有